Learn Spanish Family - Statistics

General Stats
  • This quiz has been taken 40 times
  • The average score is 9 of 19
Answer Stats
English Spanish % Correct
Family Familia
100%
Mother Madre
79%
Father Padre
79%
Child Niño
62%
Grandmother Abuela
59%
Grandfather Abuelo
59%
Brother Hermano
59%
Sister Hermana
56%
Baby Bebé
53%
Aunt Tía
50%
Uncle Tío
50%
Grandparents Abuelos
44%
Parents Padres
44%
Cousin Primo
41%
Adult Adulto
32%
Teenager Adolescente
18%
Great grandmother Bisabuela
12%
Great grandparents Bisabuelos
12%
Great grandfather Tatarabuelo
3%
No matching quizzes found
Score Distribution
Percent of People with Each Score
Percentile by Number Answered
Your Score History
You have not taken this quiz